| 000 | 00602nam a2200205Ia 4500 | ||
|---|---|---|---|
| 005 | 20250508151937.0 | ||
| 008 | 008 250505s9999 xx 000 0 eng d | ||
| 037 | _aTextual | ||
| 040 |
_aFEDL _beng _cFEDL |
||
| 041 |
_aeng _2eng |
||
| 084 |
_a155.24, CRO _qFEDL |
||
| 100 | _aCrow Lester D. | ||
| 245 | 0 | _aUnderstanding our behavior: The psychology of personal and social adjustment | |
| 260 |
_aNew York, USA _bAlfred A. Knopf _c1956 |
||
| 300 | _ax,347p | ||
| 650 | _aPersonality | ||
| 700 |
_a Crow Alice _9760435 |
||
| 942 |
_cTEXL _h155.24, CRO |
||
| 999 |
_c1333127 _d1333127 |
||